| 000 | 01609nam2a22002771 4500 | ||
|---|---|---|---|
| 001 | v19\rc\1819205 | ||
| 005 | 20250619132649.0 | ||
| 035 | _a(NLR Aleph) 004917463 | ||
| 090 |
_a5542228 _c5542228 |
||
| 100 | _a20071224d1912 |||y0rusy50 ca | ||
| 101 | 0 | _arus | |
| 102 | _aRU | ||
| 105 | _aa z ||||| | ||
| 200 | 0 | _aна 1 января 1911 г. | |
| 210 |
_d1912 _aБ. м. |
||
| 215 | _a54 с., 1 табл. | ||
| 461 | 0 |
_1001v19\rc\1819199 _12001#$aСводные балансы пенсионных и сберегательно-вспомогательных касс, действующих на русских железных дорогах... и объяснения к означенным балансам$fСост. Упр. делами ж.-д. пенсион. ком.$gМ-во пут. сообщ.$vна 1 января 1911 г. _95542171 _aРоссия. Железнодорожный пенсионный комитет _cСанкт-Петербург _d1907-1915 _fСост. Упр. делами ж.-д. пенсион. ком. _tСводные балансы пенсионных и сберегательно-вспомогательных касс, действующих на русских железных дорогах... и объяснения к означенным балансам _vна 1 января 1911 г. |
|
| 801 | 0 |
_aRU _bNLR _gpsbo |
|
| 801 | 0 |
_aRU _bRuMoRGB _2psbo |
|
| 801 | 1 |
_aRU _bProSoft-M _2rusmarc |
|
| 852 |
_aNLR _j34.84.6.813(7) |
||
| 899 |
_aRuMoRGB (1905-1913*) _jU 26/154 |
||
| 899 |
_aRuMoRGB (1905-1913*) _jA 321/260 |
||
| 899 | _aБАН | ||
| 942 | _cBOOK | ||
| 980 | _aNB | ||